Lotus 1-2-3 Příručka pro uživatele

Gespeichert in:
Bibliographische Detailangaben
1. Verfasser: Novák, Petr
Format: Buch
Sprache:Tschechisch
Veröffentlicht: Praha Grada 1991
Ausgabe:1. vyd.
Schlagworte:
Tags: Tag hinzufügen
Keine Tags, Fügen Sie das erste Tag hinzu!

MARC

LEADER 00000nam a2200000 4500
001 c001098
005 20221214094051.8
020 |a 80-900250-6-4 
041 0 |a cze 
044 |a CZ 
245 1 0 |a Lotus 1-2-3  |b Příručka pro uživatele  |c Petr Novák 
250 |a 1. vyd. 
264 1 |a Praha  |b Grada  |c 1991 
300 |a 158 s. 
610 2 0 |a programy aplikačné 
610 2 0 |a LOTUS 1-2-3 
100 1 |a Novák, Petr